000 nam a22 7a 4500
999 _c232472
_d232472
003 Nust
005 20170218134632.0
008 170218b xxu||||| |||| 00| 0 eng d
020 _a8184080824
040 _cNust
082 _a823
_bHAM
245 _a38 Spanish & portuguese masters
_cEdited by J.A. Hammerton
260 _aNew Delhi:
_bIndiana,
_c2000
300 _a405 p.
650 _aLiterature
942 _2ddc
_cBK